LEADER 00935nam0-22003251i-450- 001 990000860580403321 005 20001010 010 $a0-540-51398-1 035 $a000086058 035 $aFED01000086058 035 $a(Aleph)000086058FED01 035 $a000086058 100 $a20001010d--------km-y0itay50------ba 101 0 $aita 105 $ay-------001yy 200 1 $aClassical dynamicis and its quantum analogues$fD. Park 205 $aSecond enlarged and updated edition 210 $aBer lin$cSpringer-Verlag$d1990 215 $aIX, 333 p. 101 fig. 24 cm 610 0 $aClassical dynamics and its quantum analogues 676 $a531.11 700 1$aPark,$bDavid$042504 801 0$aIT$bUNINA$gRICA$2UNIMARC 901 $aBK 912 $a990000860580403321 952 $a02 12 E 40$b5907$fFINBN 959 $aFINBN 996 $aClassical dynamicis and its quantum analogues$9349647 997 $aUNINA DB $aING01 LEADER 01103nam a22002651i 4500 001 991001120589707536 005 20040305102816.0 008 040318s1977 it |||||||||||||||||ita 035 $ab12721190-39ule_inst 035 $aARCHE-070545$9ExL 040 $aDip.to Filosofia$bita$cA.t.i. Arché s.c.r.l. Pandora Sicilia s.r.l. 082 04$a238 100 1 $aRiva, Silvio$0483587 245 12$aI fanciulli e l'educazione religiosa :$bil catechismo dei fanciulli nel secondo ciclo della scuola primaria /$cSilvio Riva, Andrea Mercatali 260 $aFirenze :$bGiunti Marzocco,$c1977 300 $a93 p. ;$c19 cm 440 0$aQuaderni de "La vita scolastica" 650 4$aCatechismo 700 1 $aMercatali, Andrea$eauthor$4http://id.loc.gov/vocabulary/relators/aut$0482482 907 $a.b12721190$b02-04-14$c31-03-04 912 $a991001120589707536 945 $aLE005 MF 16 B 19$g1$iLE005MF-15885$lle005$o-$pE0.00$q-$rl$s- $t0$u0$v0$w0$x0$y.i13246379$z31-03-04 996 $aFanciulli e l'educazione religiosa$91447299 997 $aUNISALENTO 998 $ale005$b31-03-04$cm$da $e-$fita$git $h2$i1